Add an 'X' Quiz Stats

Quiz Updated Aug 28, 2012

Challenge
Share
Tweet
Embed
Score 0/25 Timer 07:00
0 Plays Today
Clue for X-less word Word with X % Correct
Not on timelate → latex
84.5%
Chamomile, pekoe and green, e.g.teas → Texas
82.2%
Visualizessees → sexes
77.2%
Large primateape → apex
77.1%
Ending word for prayersamen → axmen
75.6%
A type of beerale → axle
74.1%
To damage or spoilmar → Marx
72.7%
A young maleboy → boxy
63.1%
Enemiesfoes → foxes
62.8%
An earthquakeseism → sexism
60.4%
To inhibit or discouragedeter → Dexter
59.5%
What brats get in their holiday stockingcoal → coxal
59.3%
It sits atop one's neckhead → hexad
58.6%
Clue for X-less word Word with X % Correct
A route or course of actionway → waxy
55.7%
Animal stalked by a predatorprey → prexy
54.8%
A user of the dark side of the ForceSith → sixth
51.7%
A South African of Dutch descentBoer → boxer
51%
Vietnamese new yearTet → text
48.7%
Everlastingeternal → external
35.3%
To cripplemaim → maxim
28.2%
An imbeciletwit → twixt
25.9%
Collection of laws, rules, and regulationscode → codex
24.8%
To alter your directionveer → vexer
20.5%
Remove the skin of an animalflay → flaxy
19.3%
People of religious faithlaity → laxity
9.9%

You're not logged in!

Compare scores with friends on all Sporcle quizzes.
Sign Up with Email
OR
Log In

You Might Also Like...

Show Comments

Extras

Top Quizzes Today


Score Distribution

Your Account Isn't Verified!

In order to create a playlist on Sporcle, you need to verify the email address you used during registration. Go to your Sporcle Settings to finish the process.